Statistics for Scottish Pro Football League Teams 2015-16 by Stands and Ends

Click here to take the quiz!

General Stats

  • This quiz has been taken 70 times
  • The average score is 7 of 10

Answer Stats

Stands & EndsCLUB% Correct
Gorgie, Wheatfield, RoseburnPremierHeart of Midlothian
97%
Broomloan Road, Sandy Jardine, Bill Struth MainChamp.Rangers
93%
Phil O'Donnell, Maxim Office Park, Davie CooperPremierMotherwell
91%
Somerset Road End, North Terrace, Railway EndLeague 1Ayr United
81%
Jerry Kerr, George Fox, Eddie ThompsonPremierDundee United
78%
Harbour End, Gayfield, Seaforth EndLeague 2Arbroath
71%
Clackmannan Road End, Hilton Road Side, Railway EndChamp.Alloa Athletic
69%
Main, Jackie Husband, NorthPremierPartick Thistle
59%
Academy End, Jail End, MainPremierRoss County
55%
Oakbank Services Terrace, Rosefield Salvage, Gates PowerChamp.Queen of the South
36%

Score Distribution

Percentile by Number Answered

Percent of People with Each Score

Your Score History

You have not taken this quiz